Statystyki dla Quiz o Słowacji

Kliknij tutaj aby rozwiązać quiz!

Ogólne statystyki

  • Ten quiz został rozwiązany 468 razy
    (408 od ostatniego zresetowania)
  • Średni wynik to 14 z 21

Statystyki odpowiedzi

WskazówkaOdpowiedź% Poprawnych
Graniczące państwaCzechy
99%
Graniczące państwaWęgry
99%
Graniczące państwaPolska
99%
StolicaBratysława
98%
Graniczące państwaUkraina
97%
Kraj, którego Słowacja była częścią w latach 1918–1992Czechosłowacja
96%
Graniczące państwaAustria
92%
Waluta SłowacjiEuro
90%
Najpopularniejszy sport na Słowacji{Hokej} na lodzie
86%
Pasmo górskie pokrywające większość SłowacjiKarpaty
86%
Najdłuższa rzeka przepływająca przez SłowacjęDunaj
80%
Grupa etniczna obejmująca Słowaków, Serbów i RosjanSłowianie
80%
Wioska Kremnické Bane jest jednym z wielu wyznaczonych
jako geograficzny _______ Europy
Środek
70%
Poprzednia walutaKorona
69%
Kraj, który zaatakował w 1968 powyższe państwoZwiązek Radziecki
58%
Drugie miasto pod względem ludnościKoszyce
45%
Około 8.5% ludności należy do tej grupy narodoweWęgrzy
31%
Nazwa pokojowej rewolucji, która obaliła komunizm w 1989 roku{Aksamitna} rewolucja
28%
Słowacja jest największym producentem na mieszkańca ___ na świecie - tylko
w 2019 roku 1110 000 z nich zostało wyprodukowanych w kraju
Samochód
17%
Słowacja ma największą ilość budynków tego typu na osobęZamek
12%
Zwyciężczyni 5 wielkoszlemowych turniejów tenisowychMartina Hingis
9%

Rozkład punktacji

Percentyl według liczby udzielonych odpowiedzi

Procent ludzi z każdym wynikiem

Twoja historia wyników

Nie rozwiązałeś tego quizu od ostatniego zresetowania